LEADER 00430nab a2200133 i 4500 001 000000265031 003 CaOOAMICUS 005 20180831164710.0 008 180831n xx uu u0 0und r 013 $a7982 040 $aSeMil$bita 245 10$a[vedi periodico]. 773 0 $t2006 : 1.$dBari : Istituto di Teologia Ecumenico-Patristica Greco-Bizantina "S. Nicola", 2006.$w()153585 996 $6245$a[vedi periodico]$9(OLS)http://semarc/title/309439 LEADER 01173nam a2200289 4500 001 000000350544 003 CaOOAMICUS 005 20220620101449.0 008 220620s2020 it a 000 u ita r 020 $a978-88-452-9692-5 040 $aSeMil$bita 100 1 $aTokarczuk, Olga,$d<1962- >.$0(OLS)http://semarc/name/116001 240 10$aBieguni.$0(OLS)http://semarc/title/440329 245 12$aI vagabondi /$cOlga Tokarczuk ; traduzione di Barbara Delfino. 250 $a4. Ed. 264 1$aFirenze ; Milano :$bGiunti : Bompiani,$c2020. 300 $a379 p. :$bill. ;$c21 cm 490 1 $aNarratori stranieri 586 8 $aVincitore dell'International man booker prize 2018 700 1 $aDelfino, Barbara.$0(OLS)http://semarc/name/116002 830 0$aNarratori stranieri.$0(OLS)http://semarc/title/251 850 $aSeMil 852 $aSeMil$W1$xVenegono$y1$m1U IV 64$j233237$B241562$CSeMilBibl$Z2$F241562 $81 996 $6020$a978-88-452-9692-5$9(OLS)http://semarc/number/296058 996 $6245$aI vagabondi$9(OLS)http://semarc/title/440330 996 $6264$aFirenze ; Milano :$bGiunti : Bompiani$9(OLS)http://semarc/publisher/58236